| 000 | 00912na a2200277 4500 | ||
|---|---|---|---|
| 001 | 14958 | ||
| 003 | MIRAKIL | ||
| 005 | 20181213154738.0 | ||
| 008 | 160919b tu 000 0 | ||
| 020 | _a9789754586947 | ||
| 035 | _a14958 | ||
| 040 |
_aMilas _btur _cTR-AnCHP |
||
| 082 |
_aATA 956.1023 _bA72z 2013 |
||
| 090 | _aATA 956.1023 A72z 2013 | ||
| 100 |
_aAtatürk, Mustafa Kemal _d1881-1838 |
||
| 245 |
_aZabit ve kumandan ile hasbihal ; Zabit ve kumandan _cMustafa Kemal Atatürk |
||
| 250 | _a10. bs. | ||
| 260 |
_aİstanbul _bTürkiye iş bankası kültür yayınları _c2013 |
||
| 300 |
_axvii, 174 s. _c23 sm. |
||
| 490 |
_aTürkiye İş Bankası Kültür Yayınları _v1 |
||
| 500 | _aBir ciltte iki kitap var. | ||
| 505 | _aZabit ve kumandan ile hasbihal - Zabit ve kumandan | ||
| 600 |
_aAtatürk, Mustafa Kemal _d1881-1938 _xSavaşlar |
||
| 740 | _aZabit ve kumandan | ||
| 942 |
_2ddc _cBKS |
||
| 999 |
_c205 _d205 |
||